000 00880nam a2200289Ia 4500
003 OSt
005 20220912145017.0
006 a|||||r|||| 00| 0
007 ta
008 220909b |||||||| |||| 00| 0 eng d
020 _a3790812986 (hbd)
024 _a82531
037 _b203, 11/12/2008, Dhanraj Book House
037 _cTextual
040 _aCSL
_beng
_cCSL
041 _aeng
082 _aB217, P0;1
100 _aKuncheva Ludmila I
245 0 _aFuzzy classifier design
260 _aNew York
_bPhysica-Verlag
_c2000
300 _ax, 314p.
_ccm.
490 _aStudies in fuzziness and soft computing
500 _aAppendix A.1-A.4, 271-290p.; References 291-310p.; Index 311-314p.
650 _aComputer Science
942 _hB217, P0;1
_cTEXL
_2CC
999 _c20884
_d20884